| 000 | 00652nam a2200265Ia 4500 | ||
|---|---|---|---|
| 008 | 171025s9999 xx 000 0 und d | ||
| 020 | _a9780545871594 | ||
| 050 | _a355.42 | ||
| 050 | _bC155 2015 | ||
| 100 | _aCalkhoven, Laurie | ||
| 245 | _aMilitary animals / | ||
| 245 | _cLaurie Calkhoven. | ||
| 260 | _aNew York : | ||
| 260 | _bScholastic, | ||
| 260 | _c2015 | ||
| 300 | _a48 pages : | ||
| 300 | _bcolored illustrations ; | ||
| 300 | _c48cm. | ||
| 500 | _aIncludes glossary and index. | ||
| 650 | _aAnimals -- | ||
| 650 | _aWorking animals -- | ||
| 650 | _xJuvenille literature. | ||
| 650 | _xWar use. | ||
| 700 | _aTitle. | ||
| 999 |
_c344866 _d344866 |
||